| 000 | 00380nam a2200145Ia 4500 | ||
|---|---|---|---|
| 008 | 230917s9999||||xx |||||||||||||| ||und|| | ||
| 040 |
_e29920 _aMAIN |
||
| 041 | _aEnglish | ||
| 082 | _a891.2109 R185R | ||
| 100 | _aSharma, Venkat Ed | ||
| 245 | 0 | _aRasa, alankar, chhanda tatha anya kavyang | |
| 260 |
_aJodhpur _bRajasthani Granthagar _c1998 |
||
| 300 | _a218 p. | ||
| 942 | _cBK | ||
| 999 |
_c102325 _d102325 |
||